000 00395nam a2200121Ia 4500
008 220216s9999 xx 000 0 und d
100 _aBukhin
_B L
245 0 _aTyre mechanics:Overview of symposia I-IX on Problems of tyres and rubber-cord composites
260 _bInternational Polymer Science and Technology
_c2002
650 _aRubber-cord composites
650 _aTyre mechnics
942 _cJS
999 _c71667
_d71667